Problemas actuales de genética humana (Registro nro. 122601)
[ vista simple ]
| 000 -LEADER | |
|---|---|
| campo de control de longitud fija | 00923nam a2200217 4500 |
| 001 - NÚMERO DE CONTROL | |
| campo de control | 122601 |
| 003 - IDENTIFICADOR DE NÚMERO DE CONTROL | |
| campo de control | ES-MaACL |
| 005 - FECHA Y HORA DE LA ÚLTIMA TRANSACCIÓN | |
| campo de control | 20240206203242.0 |
| 007 - CAMPO FIJO DE DESCRIPCIÓN FÍSICA--INFORMACIÓN GENERAL | |
| campo de control de longitud fija | t| |
| 008 - DATOS DE LONGITUD FIJA--INFORMACIÓN GENERAL | |
| campo de control de longitud fija | 070214s1975 sp r ||||1| spa d |
| 110 2# - ENTRADA PRINCIPAL--NOMBRE DE ENTIDAD CORPORATIVA | |
| Nombre de entidad corporativa o nombre de jurisdicción como elemento de entrada | Instituto de España. |
| Unidad subordinada | Cátedra Ramón y Cajal. |
| 9 (RLIN) | 4875 |
| 245 10 - MENCIÓN DEL TÍTULO | |
| Título | Problemas actuales de genética humana |
| Resto del título | : simposio celebrado en la Real Academia Nacional de Medicina los días 27 y 28 de noviembre de 1975 / |
| Mención de responsabilidad, etc. | editores: J. Botella Llusiá y L. Izquierdo Góngora. |
| 260 ## - PUBLICACIÓN, DISTRIBUCIÓN, ETC. | |
| Lugar de publicación, distribución, etc. | Madrid : |
| Nombre del editor, distribuidor, etc. | Instituto de España, |
| Fecha de publicación, distribución, etc. | 1976. |
| 300 ## - DESCRIPCIÓN FÍSICA | |
| Extensión | 261 p. : |
| Otras características físicas | il. ; |
| Dimensiones | 20 cm. |
| 500 ## - NOTA GENERAL | |
| Nota general | II Simposio organizado por la Cátedra Ramón y Cajal del Instituto de España. |
| 700 1# - ENTRADA AGREGADA--NOMBRE PERSONAL | |
| Nombre de persona | Botella Llusiá, José, |
| Fechas asociadas al nombre | 1912-2002 |
| 9 (RLIN) | 30758 |
| 700 1# - ENTRADA AGREGADA--NOMBRE PERSONAL | |
| Nombre de persona | Izquierdo Góngora, Luis. |
| 9 (RLIN) | 65726 |
| 710 2# - ENTRADA AGREGADA--NOMBRE DE ENTIDAD CORPORATIVA | |
| Nombre de entidad corporativa o nombre de jurisdicción como elemento de entrada | Real Academia Nacional de Medicina (España) |
| 9 (RLIN) | 6344 |
| 852 ## - LOCALIZACIÓN | |
| Ubicación | ES-MaACL |
| Número de control de estantería | L-229 |
| Sublocalización o colección | R.100989 |
| Estatus retirado | Estado de pérdida | Estado de daño | No para préstamo | Biblioteca de origen | Biblioteca actual | Ubicación en estantería | Fecha de adquisición | Fuente de adquisición | Total de préstamos | Signatura topográfica completa | Código de barras | Visto por última vez | Precio de reemplazo | Tipo de ítem Koha |
|---|---|---|---|---|---|---|---|---|---|---|---|---|---|---|
| Biblioteca del Ateneo de Madrid | Biblioteca del Ateneo de Madrid | Depósito 2 | 17/01/2008 | L-229 | 1127753 | 23/02/2023 | 23/02/2023 | Libro impreso |
